|
|
|
|
| LEADER |
00924nam a2200253 a 4500 |
| 001 |
2575596 |
| 008 |
100106s1994 bg b 000 0 eng d |
| 010 |
|
|
|a 95901271
|
| 040 |
|
|
|a DLC
|c DLC
|d BD-DhAAL
|
| 082 |
0 |
0 |
|a 305.4/07
|2 20
|
| 100 |
0 |
|
|a Mahmuda Islam.
|
| 245 |
1 |
0 |
|a Whither women studies in Bangladesh /
|c Mahmuda Islam.
|
| 246 |
1 |
4 |
|a Wither women's studies in Bangladesh?
|
| 250 |
|
|
|a 1st ed.
|
| 260 |
|
|
|a Dhaka :
|b Women for Women,
|c 1994.
|
| 300 |
|
|
|a 123 p. ;
|c 22 cm.
|
| 504 |
|
|
|a Includes bibliographical references (p. 79-123).
|
| 541 |
1 |
|
|e 00005375
|
| 650 |
|
0 |
|a Women's studies
|z Bangladesh.
|
| 710 |
2 |
|
|a Women for Women (Organization : Bangladesh)
|
| 852 |
4 |
|
|a Ayesha Abed Library
|j General shelf
|
| 942 |
0 |
0 |
|0 1
|
| 999 |
|
|
|c 6742
|d 6742
|
| 952 |
|
|
|0 0
|1 0
|2 ddc
|4 0
|6 305_407000000000000_MAH_1994
|7 0
|9 6922
|a BRACUL
|b BRACUL
|c GEN
|d 2010-01-06
|g 100.00
|l 1
|o 305.407 MAH
|p 3010005375
|r 2015-10-07
|s 2015-10-03
|t 1
|w 2010-01-06
|y BK
|